Az "álcázott" utak veszedelmei
Elmentve itt :
| Szerző: | |
|---|---|
| Dokumentumtípus: | Cikk |
| Megjelent: |
1968-01-21
|
| Sorozat: | Délmagyarország
58 No. 17 |
| Kulcsszavak: | Közlekedésbiztonság Szeged 1968, Városrendezés Szeged 1968, városépítés, városleírás |
| Online Access: | http://dmarchiv.bibl.u-szeged.hu/64077 |
| LEADER | 00529nab a2200157 i 4500 | ||
|---|---|---|---|
| 001 | delm64077 | ||
| 005 | 20180927151306.0 | ||
| 008 | 180927s1968 hu o 0|| hun d | ||
| 040 | |a SZTE Délmagyarország Archívum |b hun | ||
| 041 | |a hun | ||
| 100 | 1 | |a Lődi Ferenc | |
| 245 | 1 | 3 | |a Az "álcázott" utak veszedelmei |h [elektronikus dokumentum] / |c Lődi Ferenc |
| 260 | |c 1968-01-21 | ||
| 300 | |a 5 | ||
| 490 | 0 | |a Délmagyarország |v 58 No. 17 | |
| 695 | |a Közlekedésbiztonság Szeged 1968, Városrendezés Szeged 1968, városépítés, városleírás | ||